Männerliebe im alten Deutschland: sozialgeschichtliche Abhandlungen
| Otros Autores: | |
|---|---|
| Tipo de documento: | Print Libro |
| Lenguaje: | Alemán |
| Publicado: |
Berlin
Verlag Rosa Winkel
1992
|
| En: |
Sozialwissenschaftliche Studien zur Homosexualität (5)
Año: 1992 |
| Acceso en línea: |
Índice Índice |
| Verificar disponibilidad: | HBZ Gateway |
| Servicio de pedido Subito: | Pedir ahora. |
| Palabras clave: |
MARC
| LEADER | 00000cam a2200000 c 4500 | ||
|---|---|---|---|
| 001 | 119328275 | ||
| 003 | DE-627 | ||
| 005 | 20260206203804.0 | ||
| 007 | tu | ||
| 008 | 921229s1992 gw ||||| 00| ||ger c | ||
| 010 | |a 93158578 | ||
| 015 | |a 92,N20,0421 |2 dnb | ||
| 015 | |a 92,N20,0421 |2 dnb | ||
| 016 | 7 | |a 920599915 |2 DE-101 | |
| 020 | |a 3921495547 |c : DM 32.00 (brosch.) |9 3-921495-54-7 | ||
| 035 | |a (DE-627)119328275 | ||
| 035 | |a (DE-603)020226659 | ||
| 035 | |a (DE-576)028868579 | ||
| 035 | |a (DE-599)DNB920599915 | ||
| 035 | |a (OCoLC)259831736 | ||
| 035 | |a (OCoLC)259831736 | ||
| 035 | |a (OCoLC)27694164 | ||
| 040 | |a DE-627 |b ger |c DE-627 |e rakwb | ||
| 041 | |a ger | ||
| 044 | |c XA-DE | ||
| 050 | 0 | |a HQ76.2.G4 | |
| 082 | 0 | |a 305.38966409 |q OCLC | |
| 084 | |a 64 |a 19 |2 sdnb | ||
| 084 | |a 64 |2 sdnb | ||
| 084 | |a LB 44015 |2 rvk |0 (DE-625)rvk/90559:778 | ||
| 084 | |a NW 9000 |2 rvk |0 (DE-625)rvk/132325: | ||
| 084 | |a MS 2870 |2 rvk |0 (DE-625)rvk/123648: | ||
| 084 | |a 15.08 |2 bkl | ||
| 084 | |a 15.40 |2 bkl | ||
| 084 | |a 71.67 |2 bkl | ||
| 245 | 0 | 0 | |a Männerliebe im alten Deutschland |b sozialgeschichtliche Abhandlungen |c hrsg. von Rüdiger Lautmann ... |
| 264 | 1 | |a Berlin |b Verlag Rosa Winkel |c 1992 | |
| 300 | |a 268 S. |b Ill. |c 20 cm | ||
| 336 | |a Text |b txt |2 rdacontent | ||
| 337 | |a ohne Hilfsmittel zu benutzen |b n |2 rdamedia | ||
| 338 | |a Band |b nc |2 rdacarrier | ||
| 490 | 1 | |a Sozialwissenschaftliche Studien zur Homosexualität |v Bd. 5 | |
| 500 | |a Literaturangaben | ||
| 648 | 7 | |a Sozialgeschichte 1026-1927 |2 gnd | |
| 648 | 7 | |a Geschichte 1800-1919 |2 gnd | |
| 650 | 0 | |a Male homosexuality |z Germany |x History | |
| 650 | 0 | 7 | |0 (DE-588)4025798-8 |0 (DE-627)104774800 |0 (DE-576)208962948 |a Homosexualität |2 gnd |
| 650 | 0 | 7 | |0 (DE-588)4057795-8 |0 (DE-627)106149458 |0 (DE-576)209123737 |a Strafrecht |2 gnd |
| 651 | 7 | |0 (DE-588)4011882-4 |0 (DE-627)104704861 |0 (DE-576)208896155 |a Deutschland |2 gnd | |
| 655 | 7 | |a Aufsatzsammlung |0 (DE-588)4143413-4 |0 (DE-627)105605727 |0 (DE-576)209726091 |2 gnd-content | |
| 689 | 0 | 0 | |d g |0 (DE-588)4011882-4 |0 (DE-627)104704861 |0 (DE-576)208896155 |a Deutschland |2 gnd |
| 689 | 0 | 1 | |d s |0 (DE-588)4025798-8 |0 (DE-627)104774800 |0 (DE-576)208962948 |a Homosexualität |2 gnd |
| 689 | 0 | 2 | |a z |2 gnd |a Sozialgeschichte 1026-1927 |
| 689 | 0 | |5 DE-101 | |
| 689 | 1 | 0 | |d g |0 (DE-588)4011882-4 |0 (DE-627)104704861 |0 (DE-576)208896155 |a Deutschland |2 gnd |
| 689 | 1 | 1 | |d s |0 (DE-588)4025798-8 |0 (DE-627)104774800 |0 (DE-576)208962948 |a Homosexualität |2 gnd |
| 689 | 1 | 2 | |d s |0 (DE-588)4057795-8 |0 (DE-627)106149458 |0 (DE-576)209123737 |a Strafrecht |2 gnd |
| 689 | 1 | 3 | |a z |2 gnd |a Geschichte 1800-1919 |
| 689 | 1 | |5 DE-101 | |
| 700 | 1 | |a Lautmann, Rüdiger |d 1935- |e Hrsg. |0 (DE-588)120502208 |0 (DE-627)080715125 |0 (DE-576)161924018 |4 edt | |
| 830 | 0 | |a Sozialwissenschaftliche Studien zur Homosexualität |v 5 |9 5 |w (DE-627)130308161 |w (DE-576)022425098 |w (DE-600)586597-9 |x 0931-9468 |7 am | |
| 856 | 4 | 2 | |u http://www.gbv.de/dms/hbz/toc/ht004271423.pdf |m V:DE-605 |q pdf/application |v 2008-11-15 |x Verlag |y Inhaltsverzeichnis |3 Inhaltsverzeichnis |7 1 |
| 856 | 4 | 2 | |u http://scans.hebis.de/HEBCGI/show.pl?02022665_toc.pdf |m V:DE-605 |q application/pdf |3 Inhaltsverzeichnis |7 1 |
| 935 | |i Blocktest | ||
| 936 | r | v | |a LB 44015 |b Deutschland insgesamt |k Sozial- und Kulturanthropologie. Empirische Kulturwissenschaft |k Soziale und politische Organisation und Praxis |k Ethnologische Geschlechter- und Sexualitätsforschung |k Europa |k Mitteleuropa |k Deutschland |k Deutschland insgesamt |0 (DE-627)1271477947 |0 (DE-625)rvk/90559:778 |0 (DE-576)201477947 |
| 936 | r | v | |a NW 9000 |b Sonstiges |k Geschichte |k Wirtschafts- und Sozialgeschichte |k Spezielle Sozialgeschichte |k Sozialpolitik und Fürsorge |k Sonstiges |0 (DE-627)1271480964 |0 (DE-625)rvk/132325: |0 (DE-576)201480964 |
| 936 | r | v | |a MS 2870 |b Sexuelle Orientierung, Geschlechtsidentität |k Soziologie |k Spezielle Soziologien |k Soziologische Geschlechterforschung (Gender Studies) |k Sexuelle Orientierung, Geschlechtsidentität |0 (DE-627)1271082861 |0 (DE-625)rvk/123648: |0 (DE-576)201082861 |
| 936 | b | k | |a 15.08 |j Sozialgeschichte |0 (DE-627)181571005 |
| 936 | b | k | |a 15.40 |j Deutsche Geschichte: Allgemeines |0 (DE-627)181569612 |
| 936 | b | k | |a 71.67 |j Sexualität als soziales Problem |0 (DE-627)106412205 |
| 936 | s | n | |a l100 |2 mzub |
| 936 | s | n | |a m200 |2 mzub |
| 936 | s | n | |a n100 |2 mzub |
| 951 | |a BO | ||
| ELC | |b 1 | ||
| LOK | |0 000 xxxxxcx a22 zn 4500 | ||
| LOK | |0 001 3124842790 | ||
| LOK | |0 003 DE-627 | ||
| LOK | |0 004 119328275 | ||
| LOK | |0 005 20151116135934 | ||
| LOK | |0 008 150728||||||||||||||||ger||||||| | ||
| LOK | |0 035 |a (DE-21-110)kd4490 | ||
| LOK | |0 040 |a DE-21-110 |c DE-627 |d DE-21-110 | ||
| LOK | |0 689 |a s |a Homosexualität | ||
| LOK | |0 852 |z Kein Bestand am IfK; Nachweis für KrimDok | ||
| LOK | |0 852 |a DE-21-110 | ||
| LOK | |0 852 1 |9 00 | ||
| LOK | |0 935 |a k110 | ||
| LOK | |0 939 |a 28-07-15 |b l01 | ||
| ORI | |a SA-MARC-krimdoka001.raw | ||
| TIM | |a 100010260101_100019271231 |b Sozialgeschichte 1026-1927 | ||
